000 00587cam a22002053a 4500
001 38666
003 PGUSA
005 20140828083843.0
008 120125s2012||||xxu|||||s|||||000 | eng d
040 _aPGUSA
_beng
042 _adc
100 1 _aAkins, Thomas Beamish,
_d1809-1891
245 1 0 _aHistory of Halifax City
_h[electronic resource] /
_cThomas Beamish Akins
260 _bProject Gutenberg,
_c2012
506 _aPublic domain in the USA.
516 _aElectronic text
830 0 _aProject Gutenberg
_v38666
856 4 0 _uhttp://www.gutenberg.org/ebooks/38666
942 _cEB
999 _c267920
_d267920